| 000 | 01271cad a22002295a 4500 | ||
|---|---|---|---|
| 001 | L149278 | ||
| 008 | 100215s2010 xxkad f s 000 0 eng d | ||
| 035 | _a(Sirsi) u149278 | ||
| 041 | 0 | _aeng | |
| 050 | 0 | 4 | _a333.33 $2 18 |
| 110 | 2 |
_aInvestment Property Databank _92288 |
|
| 245 | 0 | 0 |
_aIPD UK monthly property index _bend January 2010 _h[electronic resource] |
| 260 |
_aLondon _bIPD _c2010 |
||
| 490 | 0 |
_aIPD UK Monthly Property Index _vJanuary 2010 |
|
| 520 | _aCity and West End offices resumed rental growth in January at 0.2% and 0.3% respectively in a month which also saw all property positive capital growth ease to 1.0%. The broader office sector delivered flat rental value growth. Rental value growth in the retail and industrial sectors was -0.3% and -0.2% respectively. All property initial yields are now 7.0%. The 12-month change in capital growth is -1.7% ? the shallowest negative annual rate since October 2007. | ||
| 590 | _aKA NTK | ||
| 650 | 2 | 4 | _aIPD UK MONTHLY PROPERTY INDEX |
| 651 | 4 |
_aUnited Kingdom _y |
|
| 690 | _aPROPERTY-COMMERCIAL PROPERTY-COMMERCIAL PROPERTY MARKET | ||
| 856 | 4 | 0 |
_uhttps://www.ipd.com/OurProducts/Indices/UnitedKingdom/UKMonthly/tabid/921/Default.aspx _zView this report free of charge at www.ipd.com... |
| 942 | _n0 | ||
| 999 |
_c110455 _d110455 |
||